00883nam a2200313Ia 4500008004000000020001800040041000800058082001700066100002400083245007600107260004200183300001300225650000700238650000800245650001200253650001200265650001100277650001000288650001100298650000800309650000900317650001200326650000800338650000800346690002200354906001100376999001900387952016300406210210b2006 xxu||||| |||| 00| 0 eng d a9780199264858 aeng a823.009 PARN aPARRINDER (Patrick) aNation and novel: the English novel from its origins to the present day aOxfordbOxford University Pressc2006 aviii-502 ato athe apresent aorigins anovel: anovel aNation aits afrom aenglish aday aand aEnglish Criticism a066168 c146554d146554 001040708EnglishaALbALcEnglish Literatured2021-02-17eInfo book Dist., Bangaloreg1252.80l0o823.009 PARNp066168r2021-02-17 00:00:00w2021-02-17yBK